[Event "World Youth U-16 Olympiad 2018"]
[Site "Konya"]
[Date "2018.11.30"]
[Round "7"]
[White "Fecker, Noah"]
[Black "Stevanic, David"]
[Result "1-0"]
[WhiteElo "2184"]
[BlackElo "2237"]
[Annotator "TA"]
[PlyCount "113"]
[EventDate "2018.11.25"]
[EventType "team-tourn"]
[EventCountry "TUR"]
[SourceTitle "playchess.com"]
[Source "ChessBase"]
[SourceQuality "1"]
[WhiteTeam "Switzerland"]
[BlackTeam "Slovenia"]
[WhiteTeamCountry "SUI"]
[BlackTeamCountry "SLO"]

1. e4 e5 2. Nf3 Nc6 3. Bb5 a6 4. Ba4 Nf6 5. d3 b5 6. Bb3 Bc5 7. Nc3 d6 8. Nd5 h6 9. c3 O-O 10. O-O Na5 11. Bc2 Nxd5 12. exd5 Bb6 13. b4 Nb7 14. d4 Re8 15. a4 Bd7 16. a5 Ba7 17. Re1 exd4 18. Rxe8+ Qxe8 19. cxd4 f5 20. Qd3 Qf7 21. Bd2 Re8 22. Re1 Rxe1+ 23. Bxe1 Kf8 24. Bb3 Nd8 25. Bc3 Qe7 26. g3 g5 27. h4 Nf7 28. Bc2 Qf6 29. Qe3 f4 30. Qe4 fxg3 31. fxg3 Ne5 32. Kg2 Bh3+ 33. Kxh3 g4+ 34. Kg2 Qxf3+ 35. Qxf3+ Nxf3 36. Bf5 Bxd4 37. Bxd4 Nxd4 38. Bc8 c5 39. dxc6 Nxc6 40. Bxa6 Na7 41. Kf2 Ke7 42. Ke3 Kd7 43. Bb7 Ke6 44. Ke4 h5 45. Kd4 Kd7 46. Be4 Kc7 47. Bg6 Nc6+ 48. Kc3 Ne7 49. Bxh5 Nd5+ 50. Kb3 Nf6 51. Bg6 d5 52. h5 Ng8 53. Kc3 Kd6 54. Kd4 Ne7 55. Be8 Nf5+ 56. Kd3 Ke7 57. a6 1-0

[Event "World Youth U-16 Olympiad 2018"]
[Site "Konya"]
[Date "2018.11.30"]
[Round "7"]
[White "Bekasovs, Rihards"]
[Black "Laohawirapap, Prin"]
[Result "1/2-1/2"]
[WhiteElo "2182"]
[BlackElo "1750"]
[Annotator "TA"]
[PlyCount "114"]
[EventDate "2018.11.25"]
[EventType "team-tourn"]
[EventCountry "TUR"]
[SourceTitle "playchess.com"]
[Source "ChessBase"]
[SourceQuality "1"]
[WhiteTeam "Latvia"]
[BlackTeam "Thailand"]
[WhiteTeamCountry "LAT"]
[BlackTeamCountry "THA"]

1. Nf3 d5 2. e3 Nf6 3. c4 c6 4. Nc3 a6 5. b3 Bf5 6. Bb2 e6 7. Be2 Be7 8. Nh4 Bg6 9. Nxg6 hxg6 10. Qc2 Nbd7 11. d4 b5 12. Bf3 Qc7 13. h3 bxc4 14. bxc4 O-O 15. O-O Rab8 16. Rfc1 Rfc8 17. Na4 Qa5 18. cxd5 cxd5 19. Bc3 Qd8 20. Qd2 Rc4 21. Ba5 Qc8 22. Nb2 Rxc1+ 23. Rxc1 Qb7 24. Nd3 Rc8 25. Rxc8+ Qxc8 26. Qb2 Ne8 27. Bb4 Nd6 28. Bxd6 Bxd6 29. Be2 Qc7 30. Qc1 Qxc1+ 31. Nxc1 a5 32. Bb5 Nb6 33. Kf1 Kf8 34. Ke2 Ke7 35. Kd3 Ba3 36. Nb3 Bb4 37. f3 Kd6 38. Na1 Ke7 39. Nc2 Bd6 40. Kc3 g5 41. g4 f6 42. Kd3 Bc7 43. Ba6 Bd6 44. Bb5 Bc7 45. Ba6 Bd6 46. Ne1 Bc7 47. Nc2 Bd6 48. Bb5 Bc7 49. Na1 Bd6 50. Nb3 Bb4 51. Nc1 Bd6 52. Ne2 Bc7 53. Nc3 Bd6 54. Ne2 Bc7 55. Nc3 Bd6 56. Nd1 Bc7 57. Nc3 Bd6 1/2-1/2

[Event "World Youth U-16 Olympiad 2018"]
[Site "Konya"]
[Date "2018.11.30"]
[Round "7"]
[White "Li, Wenxiang"]
[Black "Tsaruk, Maksim"]
[Result "1-0"]
[WhiteElo "2172"]
[BlackElo "2215"]
[Annotator "RC"]
[PlyCount "128"]
[EventDate "2018.11.25"]
[EventType "team-tourn"]
[EventCountry "TUR"]
[SourceTitle "playchess.com"]
[Source "ChessBase"]
[SourceQuality "1"]
[WhiteTeam "China"]
[BlackTeam "Belarus"]
[WhiteTeamCountry "CHN"]
[BlackTeamCountry "BLR"]

1. c4 e5 2. Nc3 Nf6 3. g3 c6 4. d4 exd4 5. Qxd4 d5 6. Bg2 Be6 7. cxd5 cxd5 8. Nf3 Nc6 9. Qa4 Bc5 10. O-O O-O 11. e3 h6 12. a3 a5 13. Rd1 Qb6 14. Qb5 Ne4 15. Qxb6 Bxb6 16. Nb5 a4 17. Bd2 Rfd8 18. h3 Nxd2 19. Rxd2 Na5 20. Nfd4 Rac8 21. Rad1 Nc4 22. Rc2 Kf8 23. g4 Ke7 24. Nc3 Bxd4 25. Rxd4 Nb6 26. Rb4 Rc6 27. Rd2 Rd7 28. Bf1 Nc4 29. Bxc4 Rxc4 30. Rxa4 Rxa4 31. Nxa4 Rc7 32. Nc3 Rd7 33. Kg2 g6 34. Kg3 f6 35. Rd4 Kd6 36. Kf3 Kc5 37. Ke2 g5 38. b4+ Kc6 39. f3 h5 40. Kf2 Rh7 41. e4 dxe4 42. Nxe4 hxg4 43. Rd6+ Kb5 44. Rxe6 gxh3 45. Kg1 h2+ 46. Kh1 Ka4 47. Rxf6 Kxa3 48. b5 Kb4 49. b6 Kc4 50. Nxg5 Rh5 51. f4 Kd5 52. Nf3 Ke4 53. Ng5+ Ke3 54. Rf7 Rh6 55. f5 Rxb6 56. Kxh2 Kf4 57. Ne6+ Kg4 58. Ng7 Kg5 59. Kg3 Rb3+ 60. Kf2 b5 61. Rf8 Rh3 62. Ne6+ Kg4 63. Nd4 Rh2+ 64. Ke3 Kg5 1-0

[Event "World Youth U-16 Olympiad 2018"]
[Site "Konya"]
[Date "2018.11.30"]
[Round "7"]
[White "Juhasz, Agoston"]
[Black "Mairambekova, Aiperi"]
[Result "1-0"]
[WhiteElo "2139"]
[BlackElo "1398"]
[Annotator "TA"]
[PlyCount "71"]
[EventDate "2018.11.25"]
[EventType "team-tourn"]
[EventCountry "TUR"]
[SourceTitle "playchess.com"]
[Source "ChessBase"]
[SourceQuality "1"]
[WhiteTeam "Hungary"]
[BlackTeam "Kyrgyzstan"]
[WhiteTeamCountry "HUN"]
[BlackTeamCountry "KGZ"]

1. e4 g6 2. d4 Bg7 3. Nf3 d6 4. Nc3 a6 5. Be2 b5 6. O-O Bb7 7. a3 Nd7 8. d5 Ngf6 9. Nd4 O-O 10. Be3 Rc8 11. f4 c5 12. dxc6 Bxc6 13. Nxc6 Rxc6 14. Qe1 Nc5 15. Bf3 e5 16. Rd1 Qb8 17. f5 b4 18. Nd5 Nxd5 19. exd5 Rb6 20. Bg4 b3 21. f6 Bh8 22. c4 Rb7 23. Bxc5 dxc5 24. d6 Qd8 25. Qxe5 Re8 26. Qd5 Rb8 27. d7 Rf8 28. Qe5 Rb6 29. Rd6 Qb8 30. Rfd1 Rxd6 31. Qxd6 Qxd6 32. Rxd6 Rd8 33. Rc6 h5 34. Bh3 g5 35. Bf5 a5 36. Kf2 1-0

[Event "World Youth U-16 Olympiad 2018"]
[Site "Konya"]
[Date "2018.11.30"]
[Round "7"]
[White "Santos, Jose Guilherme B Li"]
[Black "Sade, Defne"]
[Result "1-0"]
[WhiteElo "2113"]
[BlackElo "1888"]
[Annotator "NA RC"]
[PlyCount "91"]
[EventDate "2018.11.25"]
[EventType "team-tourn"]
[EventCountry "TUR"]
[SourceTitle "playchess.com"]
[Source "ChessBase"]
[SourceQuality "1"]
[WhiteTeam "Portugal"]
[BlackTeam "Turkey"]
[WhiteTeamCountry "POR"]
[BlackTeamCountry "TUR"]

1. e4 e5 2. Nf3 Nc6 3. Bb5 a6 4. Ba4 Nf6 5. d3 d6 6. c4 Be7 7. O-O O-O 8. Nc3 Bg4 9. h3 Be6 10. Be3 Nd7 11. a3 f5 12. exf5 Bxf5 13. Bxc6 bxc6 14. d4 Qe8 15. dxe5 dxe5 16. Kh1 Rd8 17. Qe2 Qh5 18. Nd2 Qg6 19. Rfd1 Bc2 20. Re1 Bc5 21. Rac1 Bd3 22. Qg4 Bxe3 23. Rxe3 Rxf2 24. Qxg6 Bxg6 25. Nf3 Rxb2 26. Rd1 Rbb8 27. Kh2 Nf6 28. Rxd8+ Rxd8 29. Nxe5 Re8 30. Re2 c5 31. g4 Bf7 32. Kg3 Re6 33. g5 Ne8 34. Kf4 Bh5 35. Rb2 Nd6 36. Rb1 Bg6 37. Rb3 Re8 38. Nd5 Rf8+ 39. Ke3 Re8 40. Kf4 Rf8+ 41. Kg4 Bf5+ 42. Kg3 Bc2 43. Rb2 Nf5+ 44. Kh2 Nd4 45. Ne7+ Kh8 46. Nf7+ 1-0

[Event "World Youth U-16 Olympiad 2018"]
[Site "Konya"]
[Date "2018.11.30"]
[Round "7"]
[White "Brilej, Jaka"]
[Black "Navaratnam, Rohan Shan Tze"]
[Result "1-0"]
[WhiteElo "2101"]
[BlackElo "2097"]
[Annotator "RC"]
[PlyCount "61"]
[EventDate "2018.11.25"]
[EventType "team-tourn"]
[EventCountry "TUR"]
[SourceTitle "playchess.com"]
[Source "ChessBase"]
[SourceQuality "1"]
[WhiteTeam "Slovenia"]
[BlackTeam "Malaysia"]
[WhiteTeamCountry "SLO"]
[BlackTeamCountry "MAS"]

1. e4 c5 2. Nf3 e6 3. Nc3 Nc6 4. d4 cxd4 5. Nxd4 a6 6. Be3 Nf6 7. f3 d5 8. exd5 Nxd5 9. Nxd5 exd5 10. Qd2 Bd6 11. O-O-O O-O 12. Kb1 Qc7 13. h4 Re8 14. h5 Ne5 15. h6 g6 16. b3 Bd7 17. Ne2 Rac8 18. Rc1 Nc6 19. Bg5 Be5 20. Bf4 Qb6 21. Bxe5 Rxe5 22. Nf4 d4 23. Nd3 Ree8 24. Qf4 Bf5 25. g4 Bxd3 26. Qf6 Bxc2+ 27. Rxc2 Kf8 28. Bc4 Qc7 29. Qg7+ Ke7 30. Bxf7 Red8 31. Re1+ 1-0

[Event "World Youth U-16 Olympiad 2018"]
[Site "Konya"]
[Date "2018.11.30"]
[Round "7"]
[White "Liyanage, Ranindu Dilshan"]
[Black "Faerber, David"]
[Result "1/2-1/2"]
[WhiteElo "2100"]
[BlackElo "2291"]
[Annotator "NA RC"]
[PlyCount "46"]
[EventDate "2018.11.25"]
[EventType "team-tourn"]
[EventCountry "TUR"]
[SourceTitle "playchess.com"]
[Source "ChessBase"]
[SourceQuality "1"]
[WhiteTeam "Sri Lanka"]
[BlackTeam "Germany"]
[WhiteTeamCountry "SRI"]
[BlackTeamCountry "GER"]

1. e4 c6 2. d4 d5 3. e5 Bf5 4. Nd2 e6 5. Nb3 Nd7 6. Nf3 Ne7 7. Be2 Nc8 8. a4 Be7 9. O-O O-O 10. a5 a6 11. Bd3 Bxd3 12. Qxd3 Na7 13. Ra4 Rc8 14. Rd1 h6 15. c4 dxc4 16. Rxc4 b5 17. axb6 Nxb6 18. Rc2 Nd5 19. Bd2 Qb6 20. Ra1 Nb5 21. Nc5 Bxc5 22. dxc5 Qd8 23. Qe4 Ne7 1/2-1/2

[Event "World Youth U-16 Olympiad 2018"]
[Site "Konya"]
[Date "2018.11.30"]
[Round "7"]
[White "Ozturk, Efe Hakan"]
[Black "Mladek, Richard"]
[Result "1/2-1/2"]
[WhiteElo "2083"]
[BlackElo "2312"]
[Annotator "TA"]
[PlyCount "103"]
[EventDate "2018.11.25"]
[EventType "team-tourn"]
[EventCountry "TUR"]
[SourceTitle "playchess.com"]
[Source "ChessBase"]
[SourceQuality "1"]
[WhiteTeam "Turkey"]
[BlackTeam "Czech Republic"]
[WhiteTeamCountry "TUR"]
[BlackTeamCountry "CZE"]

1. Nf3 Nf6 2. g3 g6 3. Bg2 Bg7 4. O-O O-O 5. d4 d6 6. c4 Nc6 7. Nc3 a6 8. Bf4 Rb8 9. Rc1 h6 10. h3 g5 11. Be3 g4 12. hxg4 Nxg4 13. Bf4 e5 14. dxe5 dxe5 15. Bd2 Be6 16. Ne4 Qe7 17. Nh4 Rfd8 18. Qe1 f5 19. f3 Nf6 20. Nxf6+ Qxf6 21. f4 e4 22. Bc3 Qf7 23. g4 fxg4 24. f5 Bxc4 25. Bxg7 Kxg7 26. Qc3+ Qf6 27. Qxf6+ Kxf6 28. Rxc4 Rd4 29. Rfc1 Re8 30. e3 Rxc4 31. Rxc4 Kg5 32. Rxe4 Rd8 33. Ng6 Kxf5 34. Ne7+ Nxe7 35. Rxe7 Rd2 36. Rxc7 Rxb2 37. Bxb7 Rxa2 38. Rc5+ Kf6 39. Rc6+ Kg5 40. Rxa6 Re2 41. e4 g3 42. Bd5 h5 43. Ra2 Re1+ 44. Kg2 h4 45. Ra8 Kf4 46. Rf8+ Kg5 47. Rg8+ Kf4 48. Rh8 Re2+ 49. Kg1 Re1+ 50. Kg2 Re2+ 51. Kg1 Re1+ 52. Kg2 1/2-1/2

[Event "World Youth U-16 Olympiad 2018"]
[Site "Konya"]
[Date "2018.11.30"]
[Round "7"]
[White "Li, William"]
[Black "Stefansson, Vignir Vatnar"]
[Result "1/2-1/2"]
[WhiteElo "2077"]
[BlackElo "2283"]
[Annotator "TA"]
[PlyCount "52"]
[EventDate "2018.11.25"]
[EventType "team-tourn"]
[EventCountry "TUR"]
[SourceTitle "playchess.com"]
[Source "ChessBase"]
[SourceQuality "1"]
[WhiteTeam "Canada"]
[BlackTeam "Iceland"]
[WhiteTeamCountry "CAN"]
[BlackTeamCountry "ISL"]

1. d4 f5 2. Bg5 h6 3. Bh4 g5 4. e3 Nf6 5. Bg3 d6 6. h4 g4 7. Nc3 Be6 8. Nge2 Bf7 9. Nf4 c6 10. Qd3 Qc8 11. O-O-O Na6 12. e4 Bg7 13. e5 dxe5 14. dxe5 Nc5 15. Qe3 Nfe4 16. Nxe4 Nxe4 17. Bd3 Bxe5 18. Bxe4 Bxf4 19. Bxf4 fxe4 20. Be5 Rg8 21. Qxe4 Bd5 22. Qd4 Qf5 23. Rhe1 Kf7 24. Qe3 Rg6 25. Rd4 Kg8 26. f3 gxf3 1/2-1/2

[Event "World Youth U-16 Olympiad 2018"]
[Site "Konya"]
[Date "2018.11.30"]
[Round "7"]
[White "Easwaralingam, Adesh"]
[Black "Igisinova, Liya"]
[Result "1-0"]
[WhiteElo "2075"]
[BlackElo "1482"]
[Annotator "NA RC"]
[PlyCount "65"]
[EventDate "2018.11.25"]
[EventType "team-tourn"]
[EventCountry "TUR"]
[SourceTitle "playchess.com"]
[Source "ChessBase"]
[SourceQuality "1"]
[WhiteTeam "Denmark"]
[BlackTeam "Kazakhstan"]
[WhiteTeamCountry "DEN"]
[BlackTeamCountry "KAZ"]

1. e4 c5 2. Nf3 d6 3. Bb5+ Bd7 4. Bxd7+ Qxd7 5. O-O Nf6 6. Qe2 Nc6 7. Rd1 g6 8. c3 Bg7 9. d3 O-O 10. a4 a6 11. Na3 b5 12. Bg5 Rfb8 13. d4 cxd4 14. cxd4 bxa4 15. Nc4 Rb4 16. Bd2 Rb3 17. Bc3 Rc8 18. d5 Na7 19. Na5 Rb5 20. Nd4 Rb6 21. Ndc6 Nxc6 22. Nxc6 e6 23. Bd4 Rb7 24. Rac1 Kf8 25. Qf3 Rb3 26. Rc3 e5 27. Rxb3 axb3 28. Bc3 Qb7 29. Bb4 Rxc6 30. dxc6 Qxb4 31. c7 Qb7 32. Qc3 Qc8 33. Rxd6 1-0

[Event "World Youth U-16 Olympiad 2018"]
[Site "Konya"]
[Date "2018.11.30"]
[Round "7"]
[White "Srdanovic, Jovana"]
[Black "Sankova, Stella"]
[Result "1/2-1/2"]
[WhiteElo "2072"]
[BlackElo "2039"]
[Annotator "NA RC"]
[PlyCount "58"]
[EventDate "2018.11.25"]
[EventType "team-tourn"]
[EventCountry "TUR"]
[SourceTitle "playchess.com"]
[Source "ChessBase"]
[SourceQuality "1"]
[WhiteTeam "Serbia"]
[BlackTeam "Slovakia"]
[WhiteTeamCountry "SRB"]
[BlackTeamCountry "SVK"]

1. d4 Nf6 2. Bg5 Ne4 3. Bf4 e6 4. e3 d5 5. Bd3 Bd6 6. Bxd6 Qxd6 7. c3 O-O 8. Qc2 Nf6 9. Nd2 c5 10. Ngf3 Nc6 11. O-O e5 12. dxe5 Nxe5 13. Nxe5 Qxe5 14. c4 dxc4 15. Nxc4 Qg5 16. e4 Nh5 17. Rfe1 Bh3 18. Bf1 Nf4 19. Re3 Be6 20. Kh1 Rad8 21. g3 Nh3 22. f4 Qh6 23. Rc1 b6 24. Qg2 g5 25. f5 Bxc4 26. Bxc4 g4 27. Qe2 Qg5 28. Rf1 Rd4 29. Bd5 Re8 1/2-1/2

[Event "World Youth U-16 Olympiad 2018"]
[Site "Konya"]
[Date "2018.11.30"]
[Round "7"]
[White "Briem, Stephan"]
[Black "Liu, Zhanhe"]
[Result "0-1"]
[WhiteElo "2062"]
[BlackElo "2052"]
[Annotator "NA RC"]
[PlyCount "98"]
[EventDate "2018.11.25"]
[EventType "team-tourn"]
[EventCountry "TUR"]
[SourceTitle "playchess.com"]
[Source "ChessBase"]
[SourceQuality "1"]
[WhiteTeam "Iceland"]
[BlackTeam "Canada"]
[WhiteTeamCountry "ISL"]
[BlackTeamCountry "CAN"]

1. d4 f5 2. g3 Nf6 3. Bg2 g6 4. Nf3 Bg7 5. O-O O-O 6. c4 d6 7. Nc3 c6 8. d5 e5 9. dxe6 Bxe6 10. Qd3 Na6 11. Bf4 d5 12. Ng5 Bf7 13. Nxf7 Rxf7 14. cxd5 Nb4 15. Qc4 Nbxd5 16. Rfd1 Rd7 17. Be5 Kh8 18. Nxd5 Nxd5 19. Bxg7+ Kxg7 20. Rd3 Nf6 21. Rad1 Rxd3 22. Rxd3 Qb6 23. Qb3 Re8 24. Bf3 Re7 25. e3 Qxb3 26. Rxb3 Ne8 27. Kf1 Kf6 28. Rd3 Ke5 29. Ke2 Nd6 30. Kd2 g5 31. Rd4 g4 32. Bg2 Re6 33. h4 gxh3 34. Bxh3 Rh6 35. Rh4 Rxh4 36. gxh4 f4 37. Kd3 Ne4 38. Bc8 Nxf2+ 39. Ke2 fxe3 40. Bxb7 Kd4 41. Bxc6 Nd3 42. h5 h6 43. Bb5 Nf4+ 44. Kf3 Nxh5 45. b4 Nf6 46. Bf1 Ne4 47. Be2 Nc3 48. Bf1 e2 49. Bxe2 Nxe2 0-1

[Event "World Youth U-16 Olympiad 2018"]
[Site "Konya"]
[Date "2018.11.30"]
[Round "7"]
[White "Kong, Ren En"]
[Black "Marn, Jan"]
[Result "0-1"]
[WhiteElo "2059"]
[BlackElo "2125"]
[Annotator "NA RC"]
[PlyCount "116"]
[EventDate "2018.11.25"]
[EventType "team-tourn"]
[EventCountry "TUR"]
[SourceTitle "playchess.com"]
[Source "ChessBase"]
[SourceQuality "1"]
[WhiteTeam "Malaysia"]
[BlackTeam "Slovenia"]
[WhiteTeamCountry "MAS"]
[BlackTeamCountry "SLO"]

1. d4 d5 2. c4 e6 3. Nc3 c6 4. Nf3 dxc4 5. a4 Bb4 6. e3 b5 7. Bd2 a5 8. Rb1 Bd7 9. Ne5 Nf6 10. Qf3 Ra7 11. g4 O-O 12. g5 Nd5 13. e4 Nxc3 14. bxc3 Be7 15. Rg1 Be8 16. Bh3 b4 17. Nxc4 c5 18. d5 exd5 19. exd5 Bxa4 20. Bf4 Bb5 21. Ne3 Bd6 22. Rg3 Re7 23. Bf5 g6 24. Rh3 Bxf4 25. Qxf4 Qxd5 26. Qh4 h5 27. gxh6 Qxf5 28. Rd1 Qh5 29. h7+ Kg7 30. Qxh5 gxh5 31. Rd5 Rh8 32. Rxc5 Bd3 33. Rg3+ Bg6 34. f4 h4 35. Rh3 Bxh7 36. cxb4 axb4 37. Kf2 Be4 38. Ng4 Nc6 39. f5 f6 40. Re3 Rhe8 41. Rb5 Ne5 42. Nxe5 Rxe5 43. Rxb4 Rxf5+ 44. Ke1 Rfe5 45. Kf2 f5 46. Rc3 Ra5 47. Rc7+ Kf6 48. Rb2 Rea8 49. Rc3 Ra2 50. Rcb3 Rxb2+ 51. Rxb2 Ke5 52. Ke3 Ra3+ 53. Kf2 Kf4 54. Ke2 Rc3 55. Kf1 Rc1+ 56. Kf2 Rc2+ 57. Rxc2 Bxc2 58. Kg2 Ke3 0-1

[Event "World Youth U-16 Olympiad 2018"]
[Site "Konya"]
[Date "2018.11.30"]
[Round "7"]
[White "Coman, Mihnea-George"]
[Black "Mhango, Banele"]
[Result "1/2-1/2"]
[WhiteElo "2042"]
[BlackElo "1828"]
[Annotator "NA RC"]
[PlyCount "114"]
[EventDate "2018.11.25"]
[EventType "team-tourn"]
[EventCountry "TUR"]
[SourceTitle "playchess.com"]
[Source "ChessBase"]
[SourceQuality "1"]
[WhiteTeam "Romania"]
[BlackTeam "South Africa"]
[WhiteTeamCountry "ROU"]
[BlackTeamCountry "RSA"]

1. d4 Nf6 2. Nf3 g6 3. Nbd2 d5 4. e3 Bg7 5. b4 O-O 6. c4 Nbd7 7. Ba3 dxc4 8. Nxc4 Nb6 9. Rc1 c6 10. Be2 Be6 11. Na5 Rb8 12. Qc2 Qd5 13. Nb3 Bf5 14. Qc5 Rfe8 15. b5 cxb5 16. Qxb5 Ne4 17. O-O Rec8 18. Bb2 Bd7 19. Qxd5 Nxd5 20. Bd3 Nd6 21. Nc5 Bb5 22. Bxb5 Nxb5 23. a4 Nd6 24. Ba3 b6 25. Na6 Ra8 26. Bxd6 exd6 27. a5 Nc3 28. Rc2 bxa5 29. Ra1 a4 30. Kf1 Ne4 31. Rca2 Nc3 32. Rc2 Nd5 33. Rxc8+ Rxc8 34. Rxa4 Rc1+ 35. Ne1 Nb6 36. Ra2 Bf8 37. Ke2 f5 38. Nd3 Rc8 39. Nab4 Rc7 40. Nf4 Kf7 41. f3 Bh6 42. Nfd5 Nxd5 43. Nxd5 Rb7 44. e4 Bg7 45. Kd3 Ke6 46. h3 fxe4+ 47. fxe4 Bh6 48. Kc4 Bg5 49. Nb4 Bd8 50. d5+ Kf6 51. Nc6 Bb6 52. Ra1 Kg5 53. Rf1 Kh4 54. Rf3 Bg1 55. Rf1 Bb6 56. Rf6 Rd7 57. Rf3 Rb7 1/2-1/2

[Event "World Youth U-16 Olympiad 2018"]
[Site "Konya"]
[Date "2018.11.30"]
[Round "7"]
[White "Hercog, Nusa"]
[Black "Di, Xu Wei"]
[Result "0-1"]
[WhiteElo "2017"]
[BlackElo "1947"]
[Annotator "NA RC"]
[PlyCount "102"]
[EventDate "2018.11.25"]
[EventType "team-tourn"]
[EventCountry "TUR"]
[SourceTitle "playchess.com"]
[Source "ChessBase"]
[SourceQuality "1"]
[WhiteTeam "Slovenia"]
[BlackTeam "Malaysia"]
[WhiteTeamCountry "SLO"]
[BlackTeamCountry "MAS"]

1. d4 Nf6 2. c4 g6 3. f3 Bg7 4. e4 d6 5. Nc3 O-O 6. Be3 c5 7. Nge2 cxd4 8. Nxd4 Nc6 9. Be2 Bd7 10. O-O Nxd4 11. Bxd4 Bc6 12. Qd2 Qa5 13. a3 Rfc8 14. b4 Qh5 15. Nd5 Bxd5 16. cxd5 Nxe4 17. fxe4 Bxd4+ 18. Qxd4 Qxe2 19. Rae1 Qc4 20. Qe3 Qc3 21. Qf4 f6 22. Qg4 Rc7 23. Qe6+ Kg7 24. Ra1 Qe5 25. Qxe5 dxe5 26. Rac1 Rac8 27. Rxc7 Rxc7 28. Rf3 Rc4 29. Re3 Kf7 30. Kf2 Ke8 31. h3 Kd7 32. g4 Kd6 33. Ke2 h5 34. Kd3 Rd4+ 35. Ke2 h4 36. Ke1 Rc4 37. Kd2 b5 38. Kd1 f5 39. gxf5 gxf5 40. exf5 Kxd5 41. Kd2 e4 42. Rb3 Ke5 43. Ke2 Kxf5 44. Kd2 Kf4 45. Kd1 Rd4+ 46. Ke2 Rd3 47. Rb1 Rxh3 48. Rf1+ Rf3 49. Rh1 h3 50. Rg1 h2 51. Rh1 Kg3 0-1

[Event "World Youth U-16 Olympiad 2018"]
[Site "Konya"]
[Date "2018.11.30"]
[Round "7"]
[White "Quiroga Jaquez, Angel Ivan"]
[Black "Pacan-Milej, Kosma"]
[Result "1/2-1/2"]
[WhiteElo "2014"]
[BlackElo "2334"]
[Annotator "TA"]
[PlyCount "136"]
[EventDate "2018.11.25"]
[EventType "team-tourn"]
[EventCountry "TUR"]
[SourceTitle "playchess.com"]
[Source "ChessBase"]
[SourceQuality "1"]
[WhiteTeam "Mexico"]
[BlackTeam "Poland"]
[WhiteTeamCountry "MEX"]
[BlackTeamCountry "POL"]

1. d4 Nf6 2. c4 c5 3. e3 g6 4. Nc3 Bg7 5. Nf3 O-O 6. Be2 cxd4 7. exd4 d5 8. O-O dxc4 9. Ne5 Be6 10. Bxc4 Bxc4 11. Nxc4 Nc6 12. d5 Na5 13. Nxa5 Qxa5 14. Qb3 Rad8 15. Bg5 Rd7 16. Rad1 Rfd8 17. Rfe1 Nxd5 18. Nxd5 Rxd5 19. Bxe7 Rxd1 20. Rxd1 Rxd1+ 21. Qxd1 Bxb2 22. g3 Qc7 23. Bg5 a6 24. Qd5 Bg7 25. Bf4 Qc8 26. a4 h6 27. h4 Qc6 28. Qd8+ Kh7 29. a5 Qe6 30. Be3 Qf5 31. Bb6 Qf3 32. Qd7 Be5 33. Kh2 Bc3 34. Qd8 Qf5 35. Qc7 Qf3 36. Qd7 Bg7 37. Kg1 Be5 38. Kh2 Bh8 39. Kg1 Bg7 40. Kh2 Bc3 41. Kg1 Kg8 42. Be3 Bg7 43. Bb6 Qc6 44. Qd8+ Kh7 45. Be3 Qb5 46. Kh2 Qb3 47. Bb6 Qe6 48. Be3 Qf6 49. Qd7 Qf3 50. Kg1 Kg8 51. Qe8+ Kh7 52. Qd7 Bf8 53. Kh2 Kg8 54. Kg1 Qc6 55. Qd8 Qd6 56. Qc8 Qd1+ 57. Kh2 Qh5 58. Qd8 Qf5 59. Kg1 Qb1+ 60. Kh2 Qc2 61. Kg1 Qb1+ 62. Kh2 Qf5 63. Kg1 Qh5 64. Kh2 Qf5 65. Kg1 Qb1+ 66. Kh2 Qf5 67. Kg1 Qb1+ 68. Kh2 Qf5 1/2-1/2

[Event "World Youth U-16 Olympiad 2018"]
[Site "Konya"]
[Date "2018.11.30"]
[Round "7"]
[White "Brahami, Lamine"]
[Black "Leffad, Samy"]
[Result "0-1"]
[WhiteElo "1996"]
[BlackElo "1776"]
[Annotator "NA RC"]
[PlyCount "78"]
[EventDate "2018.11.25"]
[EventType "team-tourn"]
[EventCountry "TUR"]
[SourceTitle "playchess.com"]
[Source "ChessBase"]
[SourceQuality "1"]
[WhiteTeam "Algeria"]
[BlackTeam "Algeria"]
[WhiteTeamCountry "ALG"]
[BlackTeamCountry "ALG"]

1. d4 Nf6 2. c4 g6 3. Nc3 d5 4. Nf3 Bg7 5. Qb3 dxc4 6. Qxc4 Na6 7. e4 c5 8. dxc5 O-O 9. Be2 Be6 10. Qb5 Qc7 11. c6 Bc8 12. O-O bxc6 13. Qc4 Rb8 14. a3 Rd8 15. h3 h6 16. Rb1 Nd7 17. Be3 Nb6 18. Bxb6 axb6 19. b4 Be6 20. Qxa6 Ra8 21. Nb5 Qb8 22. Qxa8 Qxa8 23. Nc7 Qc8 24. Nxe6 Qxe6 25. e5 Bxe5 26. Nxe5 Qxe5 27. Bf3 c5 28. Rfe1 Qc7 29. Rbc1 c4 30. b5 Qc5 31. Re4 c3 32. Rc2 Rd2 33. Re2 Rxc2 34. Rxc2 Qxa3 35. Be2 Qa1+ 36. Kh2 f5 37. Kg3 e5 38. Kf3 Qa8+ 39. Ke3 Qe4# 0-1

[Event "World Youth U-16 Olympiad 2018"]
[Site "Konya"]
[Date "2018.11.30"]
[Round "7"]
[White "Pipia, Ekaterine"]
[Black "Boyer, Mahel"]
[Result "0-1"]
[WhiteElo "1995"]
[BlackElo "2235"]
[Annotator "ChessBase"]
[PlyCount "230"]
[EventDate "2018.11.25"]
[EventType "team-tourn"]
[EventCountry "TUR"]
[SourceTitle "playchess.com"]
[Source "ChessBase"]
[SourceQuality "1"]
[WhiteTeam "Georgia"]
[BlackTeam "France"]
[WhiteTeamCountry "GEO"]
[BlackTeamCountry "FRA"]

1. d4 Nf6 2. c4 e6 3. Nf3 c5 4. d5 d6 5. Nc3 exd5 6. cxd5 g6 7. Qa4+ Nbd7 8. Bf4 a6 9. e4 Rb8 10. Bd3 b5 11. Qc2 Be7 12. O-O O-O 13. a4 b4 14. Nb1 Nh5 15. Be3 a5 16. Nbd2 Nb6 17. Nc4 Nxc4 18. Bxc4 Bg4 19. Be2 b3 20. Qd2 Rb4 21. h3 Bd7 22. e5 Bxa4 23. Rfc1 Qb6 24. g4 Ng7 25. exd6 Bxd6 26. Qc3 Re8 27. Bh6 f6 28. Bc4 Bb5 29. Bxb5 Rxb5 30. Re1 Re7 31. Rxe7 Bxe7 32. d6 Bxd6 33. Re1 Rb4 34. Bxg7 Kxg7 35. g5 Rf4 36. gxf6+ Rxf6 37. Ng5 Bf8 38. Ne4 Be7 39. Rd1 Qb4 40. Qe5 Qb7 41. Nxf6 Bxf6 42. Qe6 Qf3 43. Rd7+ Kh6 44. Qf7 Qf5 45. Qxh7+ Kg5 46. h4+ Kg4 47. Rd1 Bd4 48. Rf1 Kh3 49. Qb7 Kxh4 50. Qh1+ Qh3 51. Qe4+ Qg4+ 52. Qxg4+ Kxg4 53. Kg2 Bxb2 54. Rb1 c4 55. Rxb2 a4 56. Rd2 c3 57. Rd4+ Kf5 58. Rxa4 c2 59. Rc4 b2 60. Rxc2 b1=Q 61. Rc5+ Kf6 62. Rc6+ Ke5 63. Rc5+ Kf4 64. Rc4+ Kg5 65. Rc5+ Kh4 66. Rc4+ Kh5 67. Rc5+ Kh6 68. Rc4 Qf5 69. Rh4+ Kg5 70. Rh3 Qe4+ 71. Kh2 Kg4 72. Rg3+ Kf4 73. Rh3 g5 74. Rg3 Qd5 75. Kg1 Qa8 76. Kh2 Qa2 77. Kg2 Qe2 78. Kg1 Qd1+ 79. Kg2 Qh5 80. Kg1 Qh4 81. Kg2 Kf5 82. Rf3+ Kg6 83. Rg3 Qe4+ 84. Kg1 Kh5 85. Rh3+ Kg4 86. Rg3+ Kh4 87. Kh2 Qf4 88. Kg2 Qf5 89. Kg1 Qb1+ 90. Kg2 Qd1 91. Rh3+ Kg4 92. Rg3+ Kf4 93. Ra3 Qd5+ 94. Kg1 Qe5 95. Rg3 Qh8 96. Kg2 g4 97. Ra3 Qe8 98. Rg3 Qh5 99. Ra3 Qh4 100. Ra4+ Kf5 101. Ra5+ Ke4 102. Ra3 Qd8 103. Ra4+ Kd3 104. Ra3+ Kc2 105. Rg3 Qd5+ 106. Kg1 Qf3 107. Rg2 Kd2 108. Rg3 Qxg3+ 109. fxg3 Ke1 110. Kg2 Ke2 111. Kh1 Kf1 112. Kh2 Kf2 113. Kh1 Kxg3 114. Kg1 Kf3 115. Kh1 Kf2 0-1